Guess the Color #1 - Statistics

General Stats
  • This quiz has been taken 106 times
  • The average score is 9 of 12
Answer Stats
Color % Correct
Blue
100%
Yellow
89%
Green
85%
Black
81%
Orange
81%
Grey
79%
Pink
79%
Purple
79%
Red
76%
White
76%
Brown
53%
Tan
37%
No matching quizzes found
Score Distribution
Percent of People with Each Score
Percentile by Number Answered
Your Score History
You have not taken this quiz